Normal view MARC view
  • Zweig, Connie

Entry Personal Name

Number of records used in: 1

001 - CONTROL NUMBER

  • control field: 133620

003 - CONTROL NUMBER IDENTIFIER

  • control field: NUST

005 - DATE AND TIME OF LATEST TRANSACTION

  • control field: 20260310121504.0

008 - FIXED-LENGTH DATA ELEMENTS

  • fixed length control field: 260310|| aca||aabn | a|a d

040 ## - CATALOGING SOURCE

  • Original cataloging agency: NUST
  • Transcribing agency: NUST

100 ## - HEADING--PERSONAL NAME

  • Personal name: Zweig, Connie

670 ## - SOURCE DATA FOUND

  • Source citation: Work cat.: (NUST): Zweig, Connie., Meeting The Shadow: The Hidden Power Of The Dark Side Of Human Nature / , 1991.
© 2023 Central Library, National University of Sciences and Technology. All Rights Reserved.